[Event "USCF 2016"]
[Site "LIMOGES"]
[Date "2016.04.20"]
[Round "1.1"]
[White "Questel, Alain"]
[Black "Dehesdin, Wilfried"]
[Result "0-1"]
[WhiteElo "1790"]
[BlackElo "2125"]
[PlyCount "30"]
[EventDate "2016.??.??"]

1. d4 d5 2. Nf3 Nc6 3. e3 Nf6 4. Bd3 g6 5. O-O Bg7 6. c4 O-O 7. Nc3 Nb4 8. cxd5
Nxd3 9. Qxd3 Nxd5 10. Nxd5 Qxd5 11. Rd1 Bf5 12. Qd2 Rfd8 13. b3 Bg4 14. Ba3 e5
15. dxe5 Bxf3 0-1

[Event "USCF 2016"]
[Site "LIMOGES"]
[Date "2016.04.20"]
[Round "1.2"]
[White "Delpech, Frederic"]
[Black "Foucaut, Vincent"]
[Result "1-0"]
[WhiteElo "2118"]
[BlackElo "1874"]
[PlyCount "65"]
[EventDate "2016.??.??"]

1. d4 Nf6 2. Nf3 e6 3. Bf4 c5 4. e3 Nc6 5. c3 Be7 6. Bd3 Nh5 7. Bg3 Nxg3 8.
hxg3 cxd4 9. exd4 h6 10. Nbd2 Qc7 11. Qe2 d5 12. O-O O-O 13. Rfe1 Bd7 14. Ne5
Nxe5 15. Qxe5 Qxe5 16. Rxe5 Bd6 17. Ree1 b5 18. Kf1 f6 19. Rac1 e5 20. Bc2 Kh8
21. Bb3 Bc6 22. Nf3 Rfe8 23. dxe5 fxe5 24. Rcd1 d4 25. cxd4 Bxf3 26. gxf3 exd4
27. Rxd4 Rxe1+ 28. Kxe1 Bc5 29. Rd5 Rc8 30. Ke2 Re8+ 31. Kf1 Rc8 32. Bc2 Bxf2
33. Bf5 1-0

[Event "USCF 2016"]
[Site "LIMOGES"]
[Date "2016.04.20"]
[Round "1.3"]
[White "Capron, Daniel"]
[Black "Faure, Stephane"]
[Result "1/2-1/2"]
[WhiteElo "2109"]
[BlackElo "2067"]
[PlyCount "48"]
[EventDate "2016.??.??"]

1. e4 c5 2. b4 cxb4 3. d4 d5 4. exd5 Qxd5 5. Bb2 Nf6 6. Nf3 e6 7. c4 bxc3 8.
Nxc3 Bb4 9. Bd3 Qa5 10. O-O O-O (10... Bxc3 11. Bxc3 Qxc3 12. Rc1) 11. Qb3 Nbd7
12. Rfe1 Nd5 13. Nxd5 exd5 14. Re3 Nf6 15. Ne5 Bd2 16. Rf3 Be6 17. Rd1 Ne4 18.
Bb1 Rae8 19. Ba3 f6 20. Bxf8 fxe5 21. Ba3 Nc3 22. Bxh7+ Kxh7 23. Rxd2 Ne4 24.
Rd1 Bg4 1/2-1/2

[Event "USCF 2016"]
[Site "LIMOGES"]
[Date "2016.04.20"]
[Round "1.4"]
[White "Boulet, Philippe"]
[Black "Jurasz, Antoni"]
[Result "1/2-1/2"]
[WhiteElo "2099"]
[BlackElo "2031"]
[PlyCount "80"]
[EventDate "2016.??.??"]

1. d4 Nf6 2. c4 g6 3. Nc3 c5 4. d5 d6 5. e4 Bg7 6. h3 O-O 7. Nf3 Na6 8. Bd3 Nc7
9. O-O Rb8 10. Be3 a6 11. a4 Bd7 12. a5 b5 13. axb6 Rxb6 14. Qd2 Bc8 15. Na4
Rb4 16. Qc2 Nd7 17. Bd2 Rb8 18. Bc3 Bh6 19. e5 Nb6 20. Nh2 Nxa4 21. Rxa4 Bf4
22. e6 Qe8 23. g3 Bg5 24. f4 Bf6 25. f5 Bxc3 26. bxc3 fxe6 27. fxe6 Rxf1+ 28.
Kxf1 Qf8+ 29. Kg2 Bb7 30. Ra1 Nxe6 31. Bxg6 Qg7 32. Bf5 Nf4+ 33. Kf2 Nh5 34. g4
Nf4 35. Nf3 e5 36. dxe6 Bxf3 37. Kxf3 Nxh3 38. Bxh7+ Qxh7 39. Qxh7+ Kxh7 40.
Rh1 Re8 1/2-1/2

[Event "USCF 2016"]
[Site "LIMOGES"]
[Date "2016.04.20"]
[Round "1.6"]
[White "Caderon, Michel"]
[Black "Ferrier, David"]
[Result "0-1"]
[WhiteElo "2022"]
[BlackElo "2039"]
[PlyCount "88"]
[EventDate "2016.??.??"]

1. e4 c5 2. Nf3 e6 3. d4 cxd4 4. Nxd4 a6 5. Bd3 Bc5 6. Nb3 Be7 7. O-O Nc6 8. f4
d6 9. Nc3 Nf6 10. a3 O-O 11. Qe2 e5 12. f5 Nd4 13. Nxd4 exd4 14. Nb1 Nd7 15.
Nd2 Bf6 16. b3 Re8 17. Bb2 d5 18. Rae1 Nc5 19. Qf3 Bg5 20. Qf2 Be3 21. Rxe3
dxe3 22. Qxe3 Nxe4 23. Nxe4 dxe4 24. f6 Qd6 25. Qg5 g6 26. Be2 b6 27. b4 Qf8
28. Rf4 Bb7 29. Rh4 Rad8 30. Rh6 Rd5 31. Qh4 Rh5 32. Rxh5 gxh5 33. Qxh5 Kh8 34.
Bc4 e3 35. g3 e2 36. Bxe2 Be4 37. Bxa6 Bxc2 38. Bc4 Bg6 39. Qh4 Re4 40. Qh3
Rxc4 41. Qd7 Qc8 42. Qd2 Qf8 43. Qe3 Rc2 44. Be5 Qa8 0-1

[Event "USCF 2016"]
[Site "LIMOGES"]
[Date "2016.04.20"]
[Round "1.7"]
[White "Pillault, Franck"]
[Black "Andrieu, Philippe"]
[Result "0-1"]
[WhiteElo "1924"]
[BlackElo "1868"]
[PlyCount "88"]
[EventDate "2016.??.??"]

1. d4 d5 2. f3 Nf6 3. e4 dxe4 4. fxe4 Nxe4 5. Bd3 Nf6 6. Nf3 Bg4 7. c3 Nbd7 8.
O-O e6 9. Bg5 Be7 10. Nbd2 O-O 11. Qe1 c5 12. Qh4 Bf5 13. Bxf5 exf5 14. Kh1 Re8
15. Rae1 Qc7 16. Bf4 Qc6 17. Qh3 Ng4 18. Ne5 Ndxe5 19. dxe5 c4 20. Bg3 Rad8 21.
Nf3 Qb6 22. Nd4 Rxd4 23. cxd4 Qxd4 24. Rxf5 g6 25. Rf4 Qxf4 26. Bxf4 Nf2+ 27.
Kg1 Nxh3+ 28. gxh3 Bc5+ 29. Kf1 Bd4 30. Re2 c3 31. bxc3 Bxc3 32. h4 h5 33. Kg2
Re6 34. Kf3 f6 35. exf6 Rxe2 36. Kxe2 Bxf6 37. Bg3 Kf7 38. Kd3 Ke6 39. Ke4 b5
40. Bb8 a5 41. Bc7 a4 42. Bg3 b4 43. Kd3 b3 44. axb3 a3 0-1

[Event "USCF 2016"]
[Site "LIMOGES"]
[Date "2016.04.20"]
[Round "1.8"]
[White "Schaub, Marc"]
[Black "Remaud, Joel"]
[Result "1/2-1/2"]
[WhiteElo "1924"]
[BlackElo "1805"]
[PlyCount "98"]
[EventDate "2016.??.??"]

1. d4 Nf6 2. c4 d5 3. cxd5 Nxd5 4. Nc3 g6 5. e4 Nxc3 6. bxc3 Bg7 7. Bc4 O-O 8.
Ne2 c5 9. Be3 cxd4 10. cxd4 Nc6 11. O-O Bg4 12. f3 Na5 13. Bd3 Be6 14. d5 Bxa1
15. Qxa1 f6 16. Bh6 Re8 17. Nf4 Bf7 18. Kh1 Qd6 19. Ne2 Qe5 20. Nd4 Rac8 21. g4
Qc7 22. Nb5 Qb8 23. g5 Qe5 24. Qe1 b6 25. f4 Qb2 26. gxf6 exf6 27. Nd6 Qxa2 28.
Qh4 Qb2 29. Nxe8 Rxe8 30. Re1 Qd4 31. Qg3 Nb7 32. f5 Nc5 33. Bb1 Nxe4 34. Bxe4
Rxe4 35. Qb8+ Be8 36. Rxe4 Qxe4+ 37. Kg1 Qe7 38. Kf2 Kf7 39. d6 Qd7 40. Ke3
gxf5 41. Bf4 Qe6+ 42. Kf2 Qd7 43. Ke3 Kg6 44. Qa8 Qe6+ 45. Kf2 Bb5 46. Qg2+ Kf7
47. Qb7+ Qd7 48. Qd5+ Kg7 49. Qg2+ Kf7 1/2-1/2

[Event "USCF 2016"]
[Site "LIMOGES"]
[Date "2016.04.20"]
[Round "1.9"]
[White "Holler, Christophe"]
[Black "Hilschger, Nicolas"]
[Result "0-1"]
[WhiteElo "1870"]
[BlackElo "1765"]
[PlyCount "78"]
[EventDate "2016.??.??"]

1. e4 d5 2. exd5 Qxd5 3. Nc3 Qa5 4. d4 Nf6 5. h3 Bf5 6. Bd3 Bxd3 7. Qxd3 e6 8.
Nf3 Nbd7 9. Bd2 c6 10. O-O Be7 11. Rfe1 Qc7 12. Bg5 h6 13. Bh4 Bd6 14. Ne2 Nh5
15. c4 g5 16. Bg3 Bxg3 17. Nxg3 Nxg3 18. fxg3 O-O-O 19. b4 c5 20. bxc5 Nxc5 21.
Qa3 Na6 22. c5 Kb8 23. Rab1 Ka8 24. Rec1 Nb8 25. Rc4 Nc6 26. Ra4 Qxg3 27. Qb2
Qc7 28. Nd2 g4 29. h4 g3 30. Nc4 Nxd4 31. Nb6+ Kb8 32. Rxa7 Qc6 33. Ra8+ Kc7
34. Ra3 Rhg8 35. Kh1 Rg4 36. Na8+ Kb8 37. Ra7 Kxa7 38. Qa3+ Qa6 39. Qb4 Kxa8
0-1

[Event "USCF 2016"]
[Site "LIMOGES"]
[Date "2016.04.20"]
[Round "1.10"]
[White "Mesli, Maurice"]
[Black "Jeanjean, Laurent"]
[Result "1/2-1/2"]
[WhiteElo "1837"]
[BlackElo "1827"]
[PlyCount "35"]
[EventDate "2016.??.??"]

1. d4 d5 2. c4 e5 3. dxe5 d4 4. Nf3 Nc6 5. a3 Bg4 6. Nbd2 a5 7. b3 Nge7 8. Bb2
Ng6 9. g3 Ngxe5 10. Bg2 Nxf3+ 11. Nxf3 Bc5 12. O-O O-O 13. Qd2 Qd7 14. Rad1
Rad8 15. Rfe1 Rfe8 16. Qc1 Qe7 17. Qf4 Qe4 18. Qxf7+ 1/2-1/2

[Event "USCF 2016"]
[Site "LIMOGES"]
[Date "2016.04.20"]
[Round "1.11"]
[White "Rathier, David"]
[Black "Legastelois, Julien"]
[Result "0-1"]
[WhiteElo "1772"]
[BlackElo "1764"]
[PlyCount "46"]
[EventDate "2016.??.??"]

1. d4 d5 2. c4 e6 3. Nc3 Be7 4. Nf3 Nf6 5. e3 O-O 6. Qc2 dxc4 7. Bxc4 c5 8. O-O
b6 9. dxc5 Bxc5 10. Ne4 Bb7 11. Nxc5 bxc5 12. Qe2 Qc7 13. b3 Nbd7 14. Bb2 a5
15. Rac1 Ne4 16. Bd3 Qc6 17. Rfd1 Nd6 18. Qc2 f5 19. Bf1 Ne4 20. Qd3 Ndf6 21.
Qb1 Ng4 22. Nd4 Qd6 23. Nxe6 Qxh2# 0-1

[Event "USCF 2016"]
[Site "LIMOGES"]
[Date "2016.04.20"]
[Round "1.12"]
[White "Bastin, Eugene"]
[Black "Eichmann, Yannick"]
[Result "0-1"]
[WhiteElo "1328"]
[BlackElo "1596"]
[PlyCount "54"]
[EventDate "2016.??.??"]

1. d4 d5 2. c4 c6 3. Nc3 Nf6 4. Bg5 e6 5. a3 dxc4 6. e4 Be7 7. Bxc4 b5 8. Be2
a6 9. Nf3 Nbd7 10. Rc1 Bb7 11. e5 Nd5 12. Bxe7 Nxe7 13. g4 Qb6 14. O-O c5 15.
dxc5 Nxc5 16. Ng5 Ng6 17. Bf3 Nxe5 18. Bxb7 Qxb7 19. Qe2 Ncd3 20. Rc2 Nf4 21.
Qe4 Qxe4 22. Ngxe4 Nxg4 23. Rd1 O-O 24. Rcd2 Ne5 25. Rd6 Nc4 26. Rd7 Nxb2 27.
R1d2 Nc4 0-1

[Event "USCF 2016"]
[Site "LIMOGES"]
[Date "2016.04.20"]
[Round "2.1"]
[White "Andrieu, Philippe"]
[Black "Dehesdin, Wilfried"]
[Result "1-0"]
[WhiteElo "1868"]
[BlackElo "2125"]
[PlyCount "79"]
[EventDate "2016.??.??"]

1. c4 c5 2. b3 e5 3. Bb2 d6 4. e3 Nc6 5. Nc3 Be6 6. Nf3 Nf6 7. d4 Bg4 8. dxc5
dxc5 9. Be2 a6 10. O-O Bd6 11. a3 O-O 12. Qc2 Qc7 13. h3 Bh5 14. Rfd1 Rad8 15.
Nd5 Nxd5 16. cxd5 Bg6 17. e4 Nd4 18. Bxd4 exd4 19. Nh4 Qe7 20. Nxg6 fxg6 21.
Bg4 Qe5 22. Be6+ Kh8 23. g3 Rf3 24. Bg4 Rc3 25. Qe2 Rf8 26. Rd3 h5 27. f4 Qe8
28. Be6 Qb5 29. Rad1 Qxb3 30. f5 Bxg3 31. fxg6 Bf4 32. Rf1 Rf6 33. Qxh5+ Bh6
34. Rxf6 Rc1+ 35. Kg2 Rc2+ 36. Kg3 Qxd3+ 37. Rf3 Rg2+ 38. Kxg2 Qe2+ 39. Rf2
Qxe4+ 40. Kh2 1-0

[Event "USCF 2016"]
[Site "LIMOGES"]
[Date "2016.04.20"]
[Round "2.2"]
[White "Schaub, Marc"]
[Black "Delpech, Frederic"]
[Result "1/2-1/2"]
[WhiteElo "1924"]
[BlackElo "2118"]
[PlyCount "53"]
[EventDate "2016.??.??"]

1. e4 c5 2. Nf3 d6 3. d4 cxd4 4. Nxd4 Nf6 5. Nc3 a6 6. Bg5 e6 7. f4 Qc7 8. Qf3
Be7 9. O-O-O Nc6 10. Kb1 Bd7 11. Rg1 Nxd4 12. Rxd4 Qc5 13. Ne2 Bb5 14. Rd1 Bc6
15. Bxf6 Bxf6 16. Qd3 Qb4 17. Nd4 Bxd4 18. Qxd4 Qxd4 19. Rxd4 e5 20. Rxd6 exf4
21. Bc4 Ke7 22. Rgd1 Rad8 23. Rxd8 Rxd8 24. Rxd8 Kxd8 25. Bd5 Ke7 26. c4 Kd6
27. Kc2 1/2-1/2

[Event "USCF 2016"]
[Site "LIMOGES"]
[Date "2016.04.20"]
[Round "2.3"]
[White "Salus, Stephane"]
[Black "Capron, Daniel"]
[Result "1/2-1/2"]
[WhiteElo "2066"]
[BlackElo "2109"]
[PlyCount "25"]
[EventDate "2016.??.??"]

1. Nf3 d5 2. g3 Nf6 3. Bg2 e6 4. O-O Bd6 5. d3 Nbd7 6. Nbd2 c6 7. e4 Qc7 8. c3
dxe4 9. dxe4 e5 10. Nh4 Nb6 11. a4 a5 12. Qe2 g6 13. Nc4 1/2-1/2

[Event "USCF 2016"]
[Site "LIMOGES"]
[Date "2016.04.20"]
[Round "2.4"]
[White "Jurasz, Antoni"]
[Black "Ferrier, David"]
[Result "1-0"]
[WhiteElo "2031"]
[BlackElo "2039"]
[PlyCount "63"]
[EventDate "2016.??.??"]

1. e4 c5 2. Nf3 e6 3. d3 Nc6 4. g3 Nge7 5. Bg2 g6 6. O-O Bg7 7. Re1 d6 8. Nbd2
O-O 9. c3 e5 10. Nf1 b5 11. Be3 Rb8 12. d4 cxd4 13. cxd4 Bg4 14. d5 Nd4 15.
Bxd4 exd4 16. N1d2 Qb6 17. h3 Bxf3 18. Nxf3 Rfc8 19. Rc1 Rc4 20. Bf1 Ra4 21.
Qb3 Qa5 22. a3 Qb6 23. Bd3 Ra5 24. e5 dxe5 25. Nxe5 Qd6 26. Nc6 Nxc6 27. Rxc6
Qd7 28. Kg2 Rd8 29. Qb4 Ra4 30. Qxb5 Qxd5+ 31. Qxd5 Rxd5 32. Rc8+ 1-0

[Event "USCF 2016"]
[Site "LIMOGES"]
[Date "2016.04.20"]
[Round "2.5"]
[White "Hilschger, Nicolas"]
[Black "Rathier, David"]
[Result "0-1"]
[WhiteElo "1765"]
[BlackElo "1772"]
[PlyCount "90"]
[EventDate "2016.??.??"]

1. d4 Nf6 2. c4 c5 3. d5 b5 4. b3 bxc4 5. bxc4 g6 6. Nd2 Bg7 7. Rb1 Qa5 8. Qc2
d6 9. Rb5 Qa6 10. Qb1 Nbd7 11. Ngf3 Nb6 12. e4 Bd7 13. Rb3 O-O 14. Be2 Rfb8 15.
Qd3 Qc8 16. O-O Na4 17. Nh4 Ne8 18. f4 Rxb3 19. Nxb3 Nc3 20. Qc2 Nxe2+ 21. Qxe2
Qa6 22. e5 Nc7 23. exd6 Qxd6 24. f5 Rc8 25. Bf4 Qb6 26. Qf3 Na6 27. Be3 Qf6 28.
g4 Qxh4 29. Bxc5 gxf5 30. Bf2 Qxg4+ 31. Qxg4 fxg4 32. c5 Bb5 33. Re1 Nc7 34.
Rd1 Rd8 35. d6 exd6 36. cxd6 Ne6 37. Bh4 Rd7 38. Be7 Be5 39. Rd5 Bxd6 40. Bxd6
Bc6 41. Rd2 h5 42. Na5 Bf3 43. Nc4 f6 44. Ne3 Ng5 45. Nf5 Ne4 0-1

[Event "USCF 2016"]
[Site "LIMOGES"]
[Date "2016.04.20"]
[Round "2.6"]
[White "Boulet, Philippe"]
[Black "Caderon, Michel"]
[Result "1/2-1/2"]
[WhiteElo "2099"]
[BlackElo "2022"]
[PlyCount "76"]
[EventDate "2016.??.??"]

1. d4 Nf6 2. c4 g6 3. Nc3 Bg7 4. e4 d6 5. Nf3 O-O 6. Be2 e5 7. O-O Nc6 8. Be3
exd4 9. Nxd4 Re8 10. f3 Ne5 11. Qd2 c6 12. Rfd1 Qe7 13. Bg5 Rd8 14. b3 Ned7 15.
Nc2 Nc5 16. Ne3 Be6 17. b4 Na6 18. Rab1 h6 19. Bh4 g5 20. Bg3 Nh5 21. Bf2 Nf4
22. Bf1 Qf6 23. Ne2 d5 24. cxd5 cxd5 25. Nxf4 gxf4 26. Nxd5 Bxd5 27. exd5 Nc7
28. Bc4 Ne8 29. Qe1 Nd6 30. Bb3 Re8 31. Qd2 b6 32. Rbc1 Rac8 33. Rc6 Rcd8 34.
a4 Re7 35. a5 Rde8 36. axb6 axb6 37. Qd3 Re2 38. Rc2 R2e3 1/2-1/2

[Event "USCF 2016"]
[Site "LIMOGES"]
[Date "2016.04.20"]
[Round "2.7"]
[White "Bleuzen, Cedric"]
[Black "Faure, Stephane"]
[Result "1/2-1/2"]
[WhiteElo "1983"]
[BlackElo "2067"]
[PlyCount "114"]
[EventDate "2016.??.??"]

1. d4 Nf6 2. Bg5 Ne4 3. Bf4 d5 4. Nd2 c6 5. c3 Bf5 6. Ngf3 e6 7. Qb3 b6 8. e3
Bd6 9. Nxe4 Bxe4 10. Bxd6 Qxd6 11. Qb4 Qxb4 12. cxb4 Bxf3 13. gxf3 Ke7 14. Kd2
Kd6 15. Be2 Nd7 16. Rhc1 f5 17. a3 g5 18. Rc3 g4 19. Rac1 Rac8 20. fxg4 Nf6 21.
Ke1 Ne4 22. R3c2 fxg4 23. Bxg4 Rhg8 24. Bf3 Rg1+ 25. Ke2 Rxc1 26. Rxc1 Rg8 27.
h4 h6 28. Rd1 Ke7 29. Rc1 Kd7 30. Bxe4 dxe4 31. Rh1 Rg4 32. Rh2 Rg1 33. Kd2 Kd6
34. h5 e5 35. Rh4 exd4 36. Rxe4 dxe3+ 37. Rxe3 Rh1 38. Rg3 Rxh5 39. Rg6+ Ke5
40. Rxc6 Kf4 41. Ke2 Re5+ 42. Kf1 h5 43. Rc7 a5 44. bxa5 bxa5 45. Rc4+ Kf3 46.
b4 axb4 47. Rxb4 Rc5 48. Rb3+ Kg4 49. Kg2 h4 50. Rb4+ Kg5 51. a4 Rc3 52. Rb5+
Kf4 53. Rb4+ Kg5 54. f3 Ra3 55. Rc4 h3+ 56. Kxh3 Rxf3+ 57. Kg2 Ra3 1/2-1/2

[Event "USCF 2016"]
[Site "LIMOGES"]
[Date "2016.04.20"]
[Round "2.8"]
[White "Holler, Christophe"]
[Black "Mesli, Maurice"]
[Result "1/2-1/2"]
[WhiteElo "1870"]
[BlackElo "1837"]
[PlyCount "63"]
[EventDate "2016.??.??"]

1. e4 c6 2. d4 d5 3. exd5 cxd5 4. c4 Nf6 5. Nc3 e6 6. Nf3 Bb4 7. Bg5 O-O 8. Be2
dxc4 9. Bxc4 b6 10. Qb3 Be7 11. Rd1 Bb7 12. Be2 Nc6 13. O-O Nd5 14. Bxe7 Ncxe7
15. Ne5 Nf4 16. Bf3 Bxf3 17. Nxf3 Qd6 18. Qc2 Qc6 19. Qd2 Ned5 20. Ne5 Qb7 21.
Nf3 Rac8 22. Rc1 h6 23. Rfe1 Rfd8 24. h3 Nxc3 25. bxc3 Nxh3+ 26. Kh2 Ng5 27.
Nxg5 hxg5 28. Qxg5 Qd5 29. Qh4 Qf5 30. Re3 Qh7 31. Qxh7+ Kxh7 32. Rb1 1/2-1/2

[Event "USCF 2016"]
[Site "LIMOGES"]
[Date "2016.04.20"]
[Round "2.9"]
[White "Jeanjean, Laurent"]
[Black "Questel, Alain"]
[Result "1-0"]
[WhiteElo "1827"]
[BlackElo "1790"]
[PlyCount "61"]
[EventDate "2016.??.??"]

1. d4 Nf6 2. c4 d6 3. Nc3 g6 4. e4 Bg7 5. Be2 c5 6. d5 Qa5 7. Bd2 O-O 8. h3
Nbd7 9. Nf3 a6 10. Qc2 Qd8 11. Bg5 h6 12. Be3 Rb8 13. g4 Kh7 14. g5 Ng8 15.
gxh6 Bxh6 16. Ng5+ Kg7 17. h4 Bxg5 18. Bxg5 Ngf6 19. h5 Rh8 20. O-O-O Nxh5 21.
Bxh5 gxh5 22. Rdg1 f6 23. Bh6+ Kf7 24. Rg7+ Ke8 25. Rxh5 Ne5 26. Bf4 Ng4 27. e5
f5 28. e6 Qa5 29. Bg5 Rf8 30. Rxe7+ Kd8 31. Qxf5 1-0

[Event "USCF 2016"]
[Site "LIMOGES"]
[Date "2016.04.20"]
[Round "2.10"]
[White "Remaud, Joel"]
[Black "Foucaut, Vincent"]
[Result "0-1"]
[WhiteElo "1805"]
[BlackElo "1874"]
[PlyCount "94"]
[EventDate "2016.??.??"]

1. e4 c5 2. Nf3 Nc6 3. c3 d5 4. Qc2 dxe4 5. Qxe4 Nf6 6. Qc2 e6 7. d3 Be7 8. Be2
O-O 9. O-O b6 10. Bf4 Bb7 11. h3 Nd5 12. Bh2 Rc8 13. Nbd2 Kh8 14. Nc4 b5 15.
Nce5 f6 16. Nxc6 Bxc6 17. d4 Qe8 18. Bd3 Qh5 19. Be2 Qh6 20. Rac1 Nf4 21. Bxf4
Qxf4 22. g3 Qc7 23. Kh2 e5 24. dxc5 Bxc5 25. Nd2 f5 26. Nb3 Bd6 27. f3 e4 28.
f4 g5 29. Qd2 gxf4 30. gxf4 e3 31. Qd4+ Qg7 32. Qxg7+ Kxg7 33. Nd4 Kf6 34. Nxc6
Rxc6 35. Bxb5 Rb6 36. Rcd1 Bb8 37. Be2 Rxb2 38. Rde1 Rc8 39. c4 Rxc4 40. Kg3
Rcc2 41. Kf3 Rxa2 42. Kxe3 Bc7 43. Kf3 Ra3+ 44. Kg2 Bb6 45. Rf3 Raa2 46. Kf1
Ra5 47. Bd3 Rh2 0-1

[Event "USCF 2016"]
[Site "LIMOGES"]
[Date "2016.04.20"]
[Round "2.11"]
[White "Julien, Franck"]
[Black "Sorigue, Augustin"]
[Result "1-0"]
[WhiteElo "1561"]
[BlackElo "1825"]
[PlyCount "163"]
[EventDate "2016.??.??"]

1. d4 Nf6 2. c4 g6 3. Nc3 d5 4. e3 Bg7 5. Nf3 O-O 6. Bd3 c5 7. cxd5 Nxd5 8. Bc4
Nxc3 9. bxc3 Nc6 10. Bb2 Qc7 11. Be2 Rd8 12. Qc2 e5 13. dxc5 Qa5 14. O-O Qxc5
15. Rac1 Be6 16. a3 h6 17. Rfd1 Na5 18. c4 Rac8 19. Nd2 b5 20. Ne4 Rxd1+ 21.
Qxd1 Qe7 22. cxb5 Rd8 23. Qe1 Nb3 24. Rd1 Rc8 25. Rb1 f5 26. Nd2 Rd8 27. Rd1
Nc5 28. Nf3 Rb8 29. Qb4 Re8 30. a4 Nb7 31. Qxe7 Rxe7 32. Ba3 Rc7 33. Rc1 Rxc1+
34. Bxc1 Bb3 35. Bb2 e4 36. Bxg7 exf3 37. Bxf3 Nc5 38. Bd4 Ne4 39. Bxa7 Bxa4
40. b6 Bc6 41. Be2 Bb7 42. Bb8 Nc5 43. Bc7 Kf7 44. f3 Ke7 45. Bb5 g5 46. Kf2
Ne6 47. Ke2 f4 48. Ba4 fxe3 49. Kxe3 h5 50. Bc2 Nxc7 51. bxc7 Kd7 52. c8=Q+
Kxc8 53. Be4 Ba6 54. f4 gxf4+ 55. Kxf4 Kd8 56. Kg5 Be2 57. Bf3 Bf1 58. Kxh5 Ke7
59. Kg6 Kf8 60. Kh7 Bd3+ 61. Kh6 Kg8 62. g4 Bc2 63. Bd5+ Kh8 64. g5 Bb3 65. Be4
Bf7 66. h4 Bd5 67. Bb1 Bf7 68. Be4 Bd5 69. Bf5 Bf3 70. Kg6 Be2 71. Kf6 Bh5 72.
Bg6 Be2 73. h5 Bc4 74. Bf5 Bf7 75. h6 Bh5 76. Bg6 Be2 77. Bf7 Bd3 78. Bh5 Bc4
79. Bg4 Bb3 80. g6 Bc4 81. g7+ Kg8 82. Be6+ 1-0

[Event "USCF 2016"]
[Site "LIMOGES"]
[Date "2016.04.20"]
[Round "2.12"]
[White "Nefzaoui, Rabah"]
[Black "Bastin, Eugene"]
[Result "1-0"]
[WhiteElo "1790"]
[BlackElo "1328"]
[PlyCount "25"]
[EventDate "2016.??.??"]

1. e4 d6 2. f4 e5 3. d4 Nd7 4. Nf3 Qe7 5. Nc3 c6 6. fxe5 dxe5 7. Bc4 f6 8. O-O
Nb6 9. Bb3 Bg4 10. Be3 Qd6 11. dxe5 fxe5 12. Bf7+ Kd7 13. Nxe5+ 1-0

[Event "USCF 2016"]
[Site "LIMOGES"]
[Date "2016.04.20"]
[Round "3.1"]
[White "Questel, Alain"]
[Black "Andrieu, Philippe"]
[Result "0-1"]
[WhiteElo "1790"]
[BlackElo "1868"]
[PlyCount "72"]
[EventDate "2016.??.??"]

1. d4 d5 2. Nf3 Nf6 3. e3 Bg4 4. Bd3 Nbd7 5. O-O Bxf3 6. Qxf3 e5 7. dxe5 Nxe5
8. Qd1 Bd6 9. Be2 O-O 10. Nd2 c5 11. b3 Qc7 12. h3 c4 13. bxc4 dxc4 14. Nf3
Nxf3+ 15. Bxf3 Rad8 16. Qe2 b5 17. c3 a5 18. a3 Qc5 19. Rd1 Rfe8 20. Qc2 Qe5
21. a4 b4 22. Bb2 b3 23. Qc1 Bc7 24. Rd4 Qe6 25. Be2 Qe5 26. Bf3 Qe6 27. Be2
Rxd4 28. cxd4 Qd6 29. Bf3 Qh2+ 30. Kf1 Ne4 31. Ke2 Nd6 32. Qf1 Qf4 33. Rc1 Nf5
34. Qd1 Nxe3 35. fxe3 Qxe3+ 36. Kf1 Bh2 0-1

[Event "USCF 2016"]
[Site "LIMOGES"]
[Date "2016.04.20"]
[Round "3.2"]
[White "Faure, Stephane"]
[Black "Salus, Stephane"]
[Result "1/2-1/2"]
[WhiteElo "2067"]
[BlackElo "2066"]
[PlyCount "32"]
[EventDate "2016.??.??"]

1. e4 e6 2. Nc3 d5 3. Nf3 dxe4 4. Nxe4 c5 5. d4 cxd4 6. Qxd4 Qxd4 7. Nxd4 a6 8.
Bf4 f6 9. Nd6+ Bxd6 10. Bxd6 e5 11. Nb3 Nh6 12. Bd3 Bf5 13. O-O-O Nc6 14. Bc7
Rc8 15. Bd6 Rd8 16. Bc7 Rc8 1/2-1/2

[Event "USCF 2016"]
[Site "LIMOGES"]
[Date "2016.04.20"]
[Round "3.3"]
[White "Delpech, Frederic"]
[Black "Remaud, Joel"]
[Result "1-0"]
[WhiteElo "2118"]
[BlackElo "1805"]
[PlyCount "55"]
[EventDate "2016.??.??"]

1. e4 c5 2. Nc3 g6 3. Nge2 Bg7 4. d3 Nc6 5. g3 e6 6. Bg2 Nge7 7. Be3 d6 8. Qd2
h6 9. O-O a6 10. Rac1 h5 11. Nd1 h4 12. f4 hxg3 13. hxg3 e5 14. c3 Bh3 15. Nf2
Bxg2 16. Kxg2 Qd7 17. d4 exd4 18. cxd4 cxd4 19. Nxd4 O-O-O 20. b4 Kb8 21. Nxc6+
Nxc6 22. Rfd1 Qe6 23. a4 Qb3 24. b5 axb5 25. axb5 Qxb5 26. Rb1 Qa4 27. Qd5 f5
28. Qf7 1-0

[Event "USCF 2016"]
[Site "LIMOGES"]
[Date "2016.04.20"]
[Round "3.4"]
[White "Caderon, Michel"]
[Black "Jurasz, Antoni"]
[Result "0-1"]
[WhiteElo "2022"]
[BlackElo "2031"]
[PlyCount "96"]
[EventDate "2016.??.??"]

1. e4 d6 2. d4 Nf6 3. Nc3 e5 4. Nf3 exd4 5. Nxd4 Be7 6. Be2 O-O 7. O-O c6 8.
Re1 g6 9. h3 Nbd7 10. f4 Nc5 11. Bf3 Ne6 12. Be3 Qc7 13. Qd3 Nc5 14. Qd2 a5 15.
a4 Ne8 16. b3 b6 17. Nxc6 Bh4 18. Bf2 Bxf2+ 19. Qxf2 Be6 20. e5 Kh8 21. Nb5 Qd7
22. exd6 Rc8 23. Nca7 Rb8 24. Rad1 Ng7 25. Qd4 h5 26. Nc6 Rbc8 27. Ne5 Qd8 28.
Na7 Qh4 29. Nxc8 Rxc8 30. f5 Qxd4+ 31. Rxd4 Nxf5 32. Rd2 Rd8 33. d7 Kg7 34. Bc6
Ne7 35. Bb5 f6 36. Nc6 Nxc6 37. Bxc6 Kf8 38. Rde2 Bxd7 39. Rd2 Re8 40. Rxe8+
Kxe8 41. Bxd7+ Nxd7 42. Kf2 Ke7 43. Ke3 Ke6 44. Kd4 Ne5 45. Re2 Kd6 46. c3 g5
47. b4 Ng6 48. Kc4 Nf4 0-1

[Event "USCF 2016"]
[Site "LIMOGES"]
[Date "2016.04.20"]
[Round "3.5"]
[White "Jeanjean, Laurent"]
[Black "Sorigue, Augustin"]
[Result "1-0"]
[WhiteElo "1827"]
[BlackElo "1825"]
[PlyCount "61"]
[EventDate "2016.??.??"]

1. d4 Nf6 2. c4 g6 3. Nc3 d5 4. Bg5 Ne4 5. Bh4 Nxc3 6. bxc3 Bg7 7. e3 c5 8.
cxd5 Qxd5 9. Be2 cxd4 10. cxd4 Qa5+ 11. Qd2 Qxd2+ 12. Kxd2 Be6 13. Bf3 Nc6 14.
Rb1 Bc8 15. Ne2 h6 16. Rhc1 g5 17. Bg3 O-O 18. Bxc6 bxc6 19. Rxc6 Be6 20. Nc3
Rfd8 21. Rc7 Bf6 22. a4 Bc8 23. Ne4 Bxd4 24. exd4 Rxd4+ 25. Ke3 Rxa4 26. Rxe7
f5 27. Nf6+ Kf8 28. Bd6 f4+ 29. Kf3 g4+ 30. Nxg4 Rd4 31. Rxa7+ 1-0

[Event "USCF 2016"]
[Site "LIMOGES"]
[Date "2016.04.20"]
[Round "3.6"]
[White "Ferrier, David"]
[Black "Boulet, Philippe"]
[Result "0-1"]
[WhiteElo "2039"]
[BlackElo "2099"]
[PlyCount "134"]
[EventDate "2016.??.??"]

1. e4 e6 2. d4 d5 3. e5 c5 4. c3 Bd7 5. Nf3 Nc6 6. Be2 f6 7. O-O Qc7 8. Re1
O-O-O 9. Bf1 h6 10. a3 c4 11. g3 g5 12. exf6 Nxf6 13. Bg2 Bd6 14. Nbd2 Rdf8 15.
Qe2 Nd8 16. Ne5 Be8 17. Rb1 Nd7 18. Ndf3 Bh5 19. g4 Bxe5 20. Nxe5 Nxe5 21. dxe5
Bg6 22. Ra1 Rh7 23. Be3 Bd3 24. Qd2 Rhf7 25. b3 b6 26. f3 Nc6 27. Bd4 Na5 28.
bxc4 Bxc4 29. Rab1 Nb3 30. Qd1 Nc5 31. Re3 Rf4 32. h3 Qc6 33. Bf1 Bxf1 34. Kxf1
Nb7 35. Kg2 Na5 36. Rd3 Nc4 37. a4 Qc7 38. Qe2 Qf7 39. Rf1 Kb7 40. Bg1 Na5 41.
Bd4 Qe8 42. Qa2 Qg6 43. Qe2 Rc8 44. Rd2 Nb3 45. Rd3 Nxd4 46. cxd4 Rc4 47. a5
Rfxd4 48. a6+ Kb8 49. Rxd4 Rxd4 50. Qb5 Qc2+ 51. Rf2 Qc8 52. Ra2 Rc4 53. Qb1
Rc3 54. Qh7 d4 55. Rd2 Qxa6 56. Qxh6 Qc8 57. Qxg5 Rc2 58. Rxc2 Qxc2+ 59. Kg3 d3
60. Qd8+ Kb7 61. Qd7+ Ka6 62. Qh7 Qe2 63. Qd7 Qxe5+ 64. Kf2 Qc5+ 65. Kg3 Qc2
66. Qxe6 d2 67. Qe2+ Kb7 0-1

[Event "USCF 2016"]
[Site "LIMOGES"]
[Date "2016.04.20"]
[Round "3.7"]
[White "Foucaut, Vincent"]
[Black "Schaub, Marc"]
[Result "1/2-1/2"]
[WhiteElo "1874"]
[BlackElo "1924"]
[PlyCount "114"]
[EventDate "2016.??.??"]

1. e4 e6 2. d4 d5 3. Nc3 Bb4 4. e5 c5 5. a3 Bxc3+ 6. bxc3 Ne7 7. Bg5 Qa5 8. Qd2
Nbc6 9. Bxe7 Nxe7 10. Nf3 Bd7 11. Be2 h6 12. g4 Bb5 13. Rb1 Bxe2 14. Kxe2 Rc8
15. Rb3 Qa6+ 16. Ke3 Nc6 17. Qe2 cxd4+ 18. cxd4 Na5 19. Qb5+ Qxb5 20. Rxb5 Rc3+
21. Ke2 Rxa3 22. Nd2 b6 23. Rc1 Rc3 24. Ra1 Kd7 25. Nb3 Rxc2+ 26. Kd3 Rhc8 27.
Nc5+ Kc6 28. Rbxa5 Rxc5 29. Rxa7 Rc4 30. Rxf7 Kb5 31. Rb7 Rc3+ 32. Ke2 Rc2+ 33.
Kf3 R8c3+ 34. Kg2 Rb3 35. Rxg7 Rd2 36. g5 hxg5 37. Rxg5 Rxd4 38. Rg6 Re4 39.
Rxe6 Rg4+ 40. Kf1 Rh4 41. Rf6 Rxh2 42. Kg1 Rh5 43. Re1 Rbh3 44. Rb1+ Kc5 45.
Rfxb6 Rg5+ 46. Kf1 Rh1+ 47. Ke2 Rxe5+ 48. Kf3 Rh3+ 49. Kg2 Rc3 50. Rb8 Rc4 51.
Rd1 Ree4 52. f3 Re5 53. Kg3 Rg5+ 54. Kf2 Kd6 55. Rd8+ Kc6 56. Rc8+ Kd6 57. Rd8+
Kc6 1/2-1/2